000 00523nam a2200229Ia 4500
003 OSt
005 20220916111031.0
006 a|||||r|||| 00| 0
007 ta
008 220915b |||||||| |||| 00| 0 eng d
024 _a124108
037 _cTextbook
040 _beng
_aARTS
_cARTS
041 _aeng
082 _aV671:1:N, E4
100 _aLow S
245 0 _aEgypt in transition
260 _c1914
650 _aHISTORY
942 _hV671:1:N, E4
_cTB
_2CC
999 _c104016
_d104016